000
00341nam a22001457a 4500
008
221014b ||||| |||| 00| 0 eng d
020
_a
9780815175865
041
_a
eng
080
_2
FIFTH EDITION
_a
61
082
_a
61 MAT
100
_a
5
101
_a
MJEK
245
_a
CLINICAL APPLICATION OF BLOOD GASES
_c
MATHEWS P
942
_2
udc
_c
BK
999
_c
58567
_d
58567